000 00322nam a2200133 a 4500
005 20140414093843.0
008 090205s19uu xx uuu eng d
050 _aVCD 792.42
_bBES 2001
245 _aThe Best of ABBA.
260 _aPhilippines :
_bAlpha Records.
650 _aSongs.
942 _cAVM
999 _c109401
_d109401